Pragmática-sanción en fuerza de ley, por la qual se establece una Audiencia Real en la provincia de Extremadura, que tendrá su residencia en la villa de Cáceres, baxo las reglas que se expresan (Record no. 182401)

MARC details
000 -LEADER
campo de control de longitud fija 00965cam a2200217 i 4500
001 - NÚMERO DE CONTROL
campo de control 182401
003 - IDENTIFICADOR DE NÚMERO DE CONTROL
campo de control ES-MaACL
005 - FECHA Y HORA DE LA ÚLTIMA TRANSACCIÓN
campo de control 20250614063110.0
008 - DATOS DE LONGITUD FIJA--INFORMACIÓN GENERAL
campo de control de longitud fija 130808e1989sp /// |||| | spa/spa d
110 1# - ENTRADA PRINCIPAL--NOMBRE DE ENTIDAD CORPORATIVA
Nombre de entidad corporativa o nombre de jurisdicción como elemento de entrada España.
Unidad subordinada Rey (1788-1808: Carlos IV)
9 (RLIN) 153208
245 10 - MENCIÓN DEL TÍTULO
Título Pragmática-sanción en fuerza de ley, por la qual se establece una Audiencia Real en la provincia de Extremadura, que tendrá su residencia en la villa de Cáceres, baxo las reglas que se expresan
260 ## - PUBLICACIÓN, DISTRIBUCIÓN, ETC.
Lugar de publicación, distribución, etc. Almendralejo :
Nombre del editor, distribuidor, etc. Institución Cultural Santa Ana,
Fecha de publicación, distribución, etc. 1989
300 ## - DESCRIPCIÓN FÍSICA
Extensión [12 p.] ;
Dimensiones 30 cm.
534 ## - NOTA SOBRE LA VERSIÓN ORIGINAL
Frase introductoria Reproducción facsímil de la publicada con el mismo título en:
Publicación, distribución, etc. del original Alcalá: en la Imprenta de don Pedro López, 1790
594 ## - Nota al título y mención de responsabilidad
Nota al título y mención de responsabilidad Certifica la copia Pedro Escolano de Arrieta
597 ## - NOTA DE DESCRIPCIÓN FÍSICA
NOTA DE DESCRIPCIÓN FÍSICA Portada con escudo real xilográfico
852 ## - LOCALIZACIÓN
Ubicación ES-MaACL
Número de control de estantería 2323-F-12
Ubicación en estantería Depósito folletos
942 ## - ELEMENTOS DE ENTRADA SECUNDARIOS (KOHA)
Fuente del sistema de clasificación o colocación Clasificación decimal universal
Tipo de ítem Koha Folleto
Suprimir en OPAC No
Holdings
Estatus retirado Estado de pérdida Estado de daño No para préstamo Colección Biblioteca de origen Biblioteca actual Ubicación en estantería Fecha de adquisición Fuente de adquisición Total de préstamos Signatura topográfica completa Código de barras Visto por última vez Precio de reemplazo Tipo de ítem Koha
        Colección de folletos Biblioteca del Ateneo de Madrid Biblioteca del Ateneo de Madrid Depósito folletos 08/08/2013     2323-F-12 1191679 23/02/2023 23/02/2023 Folleto